000 00702nam a2200229 a 4500
008
020 _a0714526150 (pbk.)
049 _aMAIN
090 _aHF5821
100 1 _aWilliamson, Judith.
245 1 0 _aDecoding advertisements :
_bideology and meaning in advertising /
_cJudith Williamson.
260 _aLondon :
_bMarion Boyars,
_c1978.
300 _a180 p. :
_bill. ;
_c23 cm.
440 0 _aIdeas in progress.
504 _aIncludes bibliographical references.
650 0 _aAdvertising
_xPsychological aspects.
907 _a.b10006795
_b15-06-04
_c17-04-03
003
005 20230123133118.0
040 _cNUST
942 _cBOOKS
_kHF5821
999 _c142921
_d142921